Numerical Methods Using Matlab (Record no. 2646)

MARC details
000 -LEADER
Fixed length control field 00459nam a2200181 4500
003 - CONTROL NUMBER IDENTIFIER
Control field SEACOMEC
005 - DATE AND TIME OF LATEST TRANSACTION
Control field 20260410122102.0
008 - FIXED-LENGTH DATA ELEMENTS--GENERAL INFORMATION
Fixed length control field 260410b |||||||| |||| 00| 0 eng d
020 ## - INTERNATIONAL STANDARD BOOK NUMBER / ISBN
International Standard Book Number 978-9332549357
Price 295
040 ## - CATALOGING SOURCE
Original cataloging agency SEACOMEC
082 ## - DEWEY DECIMAL CLASSIFICATION NUMBER
Classification number 513.5
Book Number M429
100 ## - MAIN ENTRY--PERSONAL NAME
Personal name Mathews, John H
245 ## - TITLE STATEMENT
Title Numerical Methods Using Matlab
Statement of responsibility John H Mathews
250 ## - EDITION STATEMENT
Edition statement 4th ed.
260 ## - IMPRINT
Place of publication Delhi
Name of publisher aryan
Date of publication 2005
650 ## - SUBJECT ADDED ENTRY--TOPICAL TERM
Topical term Environmental Studies
942 ## - ADDED ENTRY ELEMENTS (KOHA)
Koha item type Books
Holdings
Withdrawn status Lost status Source of classification Damaged status Not for loan Home library Current library Date acquired Total Checkouts Call number Accession number Date last seen Price effective from Koha item type Checked out Date checked out
    Dewey Decimal Classification     SEACOM ENGINEERING COLLEGE SEACOM ENGINEERING COLLEGE 10/04/2026   513.5 M429 265 10/04/2026 10/04/2026 Books    
    Dewey Decimal Classification     SEACOM ENGINEERING COLLEGE SEACOM ENGINEERING COLLEGE 10/04/2026   513.5 M429 266 10/04/2026 10/04/2026 Books    
    Dewey Decimal Classification     SEACOM ENGINEERING COLLEGE SEACOM ENGINEERING COLLEGE 10/04/2026   513.5 M429 267 10/04/2026 10/04/2026 Books    
    Dewey Decimal Classification     SEACOM ENGINEERING COLLEGE SEACOM ENGINEERING COLLEGE 10/04/2026   513.5 M429 273 10/04/2026 10/04/2026 Books    
    Dewey Decimal Classification     SEACOM ENGINEERING COLLEGE SEACOM ENGINEERING COLLEGE 10/04/2026 1 513.5 M429 274 10/04/2026 10/04/2026 Books 24/04/2026 10/04/2026
© Seacom Engineering College, All rights reserved.      Powered by Koha